000 00734cab a2200241 4500
001 WB3328-09
008 090401t1997 xxu||||| |||| 00| 0 eng d
035 _a(Sirsi) u79626
041 _aeng
245 _aConstruction to create jobs
260 _c1997
350 _a0
490 _aTimes
_v14 July 1997, 45(1)
520 _aSir Martin Laing, president of the new Construction Confederation believes construction companies will hire up to 10,000 new employees over the next two years.
650 _aCONSTRUCTION COMPANIES
650 _aCONSTRUCTION MARKET
650 _aEMPLOYEES
650 _aJOBS
650 _aSKILL SHORTAGES
690 _aBUILDING AND CONSTRUCTION-ECONOMICS
942 _n0
948 _c15/07/1997
999 _c50074
_d50074